Governance and public policy in the United Kingdom / (Record no. 8021)
[ view plain ]
| 000 -LEADER | |
|---|---|
| fixed length control field | 01036nac a22002411u 4500 |
| 010 ## - LIBRARY OF CONGRESS CONTROL NUMBER | |
| LC control number | 2002072318 |
| 020 ## - INTERNATIONAL STANDARD BOOK NUMBER | |
| International Standard Book Number | 0199243921 (pbk. : alk. paper) |
| 082 00 - DEWEY DECIMAL CLASSIFICATION NUMBER | |
| Classification number | 320.60941 |
| Item number | RIC |
| 090 ## - LOCALLY ASSIGNED LC-TYPE CALL NUMBER (OCLC); LOCAL CALL NUMBER (OCLC) | |
| -- | 8021 |
| -- | 8021 |
| 100 ## - MAIN ENTRY--PERSONAL NAME | |
| Personal name | Richards, David, |
| 245 10 - TITLE STATEMENT | |
| Title | Governance and public policy in the United Kingdom / |
| Statement of responsibility, etc | David Richards and Martin J. Smith. |
| 260 ## - PUBLICATION, DISTRIBUTION, ETC. (IMPRINT) | |
| Place of publication, distribution, etc | Oxford ; |
| -- | New York : |
| Name of publisher, distributor, etc | Oxford University Press,2002 |
| Date of publication, distribution, etc | 2002. |
| 300 ## - PHYSICAL DESCRIPTION | |
| Extent | xviii, 312 p. : |
| Other physical details | ill. ; |
| Dimensions | 25 cm. |
| 500 ## - GENERAL NOTE | |
| General note | distributer: Baccah |
| 504 ## - BIBLIOGRAPHY, ETC. NOTE | |
| Bibliography, etc | Includes bibliographical references (p. [286]-300) and index. |
| 511 ## - PARTICIPANT OR PERFORMER NOTE | |
| Participant or performer note | catalogued by: wessam |
| 650 #0 - SUBJECT ADDED ENTRY--TOPICAL TERM | |
| Topical term or geographic name as entry element | Cabinet officers |
| Geographic subdivision | Great Britain. |
| 650 #0 - SUBJECT ADDED ENTRY--TOPICAL TERM | |
| Topical term or geographic name as entry element | Civil service |
| Geographic subdivision | Great Britain. |
| 700 1# - ADDED ENTRY--PERSONAL NAME | |
| Personal name | Smith, Martin J. |
| Fuller form of name | (Martin John), |
| Dates associated with a name | 1961- |
| 856 42 - ELECTRONIC LOCATION AND ACCESS | |
| Materials specified | Publisher description |
| Uniform Resource Identifier | <a href="http://www.loc.gov/catdir/enhancements/fy0613/2002072318-d.html">http://www.loc.gov/catdir/enhancements/fy0613/2002072318-d.html</a> |
| 856 42 - ELECTRONIC LOCATION AND ACCESS | |
| Materials specified | Table of contents only |
| Uniform Resource Identifier | <a href="http://www.loc.gov/catdir/enhancements/fy0613/2002072318-t.html">http://www.loc.gov/catdir/enhancements/fy0613/2002072318-t.html</a> |
| 942 ## - ADDED ENTRY ELEMENTS (KOHA) | |
| Item type | NB - Book (Non borrowing) |
| Call number prefix | 320.60941RIC |
| Withdrawn status | Item status | Damaged status | Not for loan | Home library | Current library | Shelving location | Date acquired | Source of acquisition | Total Checkouts | Full call number | Barcode | Date last seen | Koha item type | Date last borrowed | Total Renewals |
|---|---|---|---|---|---|---|---|---|---|---|---|---|---|---|---|
| Central Library | Central Library | First floor | 18/02/2008 | Purchase | 320.60941RIC | 000009757 | 15/07/2025 | NB - Book (Non borrowing) | |||||||
| Central Library | Central Library | First floor | 18/02/2008 | Purchase | 2 | 320.60941RIC | 000009756 | 15/07/2025 | 12/12/2016 | ||||||
| Central Library | Central Library | First floor | 18/02/2008 | Purchase | 3 | 320.60941RIC | 000009749 | 15/07/2025 | 20/10/2015 | 2 | |||||
| Central Library | Central Library | First floor | 18/02/2008 | Purchase | 320.60941RIC | 000009737 | 15/07/2025 | ||||||||
| Central Library | Central Library | First floor | 18/02/2008 | Purchase | 1 | 320.60941RIC | 000009752 | 15/07/2025 | |||||||
| Central Library | Central Library | First floor | 18/02/2008 | Purchase | 3 | 320.60941RIC | 000012008 | 15/07/2025 | 01/02/2016 | 9 | |||||
| Central Library | Central Library | First floor | 18/02/2008 | Purchase | 2 | 320.60941RIC | 000012010 | 15/07/2025 | 13/04/2010 | 1 | |||||
| Central Library | Central Library | First floor | 18/02/2008 | Purchase | 320.60941RIC | 000012012 | 15/07/2025 | ||||||||
| Central Library | Central Library | First floor | 18/02/2008 | Purchase | 320.60941RIC | 000012016 | 15/07/2025 | ||||||||
| Central Library | Central Library | First floor | 18/02/2008 | Purchase | 320.60941RIC | 000012220 | 15/07/2025 |